000 00586nam a22002177a 4500
005 20170124110247.0
010 _a758934
020 _c00.00
035 _a758934
037 _bCen Lib/Ret
040 _aDPL
_bEN
082 _a881
_bGUI
110 _bThe Guinness
_997703
245 _aThe Guinness book of poetry :
_b1956-1957 /
260 _aLondon
_bPutnam
_c1958
270 _bLondon
_a42 Great Russell street
300 _a128p.
_c21cm(Hb)
650 _aLiterature -- Poems
_997704
650 _aEnglish poetry
_997705
942 _2ddc
_cEN
_h881
_mGUI
999 _c135574
_d135574